Noms de la Seconde guerre mondiale dans le métro parisien - Statistiques

Statistiques générales
  • Ce quiz a été pris 197 fois
  • Le résultat moyen est 4 sur 13
Statistiques - réponses
Ligne(s) Fonction/fait d'armes Dates Nom % Correct
1-2-6 Général 1890-1970 Charles de Gaulle - Étoile
94%
1-9 Président des États-Unis 1882-1945 Franklin D. Roosevelt
79%
4 Résistante 1912-2007 Bagneux - Lucie Aubrac
60%
13 Résistant fusillé 1924-1941 Guy Môquet
28%
2 Résistant mort en opération 1919-1944 Colonel Fabien (Pierre Georges, dit)
25%
5 Résistant fusillé 1912-1940 Jacques Bonsergent
19%
7 Conseiller municipal de Paris fusillé 1898-1842 Corentin Cariou
15%
12 Résistant fusillé 1901-1943 Corentin Celton
15%
12 Homme politique assassiné 1884-1941 Marx Dormoy
12%
13 Résistant fusillé 1902-1941 Gabriel Péri
8%
12 Héros et martyr de la Résistance 1901-1941 Trinité - d'Estienne d'Orves (Honoré d'Estienne d'Orves)
8%
10 Syndicaliste fusillé 1903-1941 Charles Michels
7%
7 Homme politique mort au combat 1900-1940 Villejuif - Léo Lagrange
7%
Aucun quiz correspondant
Distribution des résultats
% des personnes avec chaque résultat
Percentile par nombre de réponses
Votre historique - résultats
Vous n’avez pas pris ce quiz